书目信息 |
| 题名: |
非正式组织理论及其显性化研究
|
|
| 作者: | 李国梁 著 | |
| 分册: | ||
| 出版信息: | 北京 中国社会科学出版社 2017 |
|
| 页数: | 190页 | |
| 开本: | 24cm | |
| 丛书名: | ||
| 单 册: | ||
| 中图分类: | C912.2 | |
| 科图分类: | ||
| 主题词: | 社会团体--she hui tuan ti--组织管理学 | |
| 电子资源: | ||
| ISBN: | 978-7-5161-9809-4 | |
| 000 | 01236nam0 22002291 450 | |
| 001 | 1738599822 | |
| 005 | 20170627164618.0 | |
| 010 | @a978-7-5161-9809-4@dCNY48.00 | |
| 100 | @a20170509d2017 em y0chiy50 ea | |
| 101 | 0 | @achi |
| 102 | @aCN@b110000 | |
| 105 | @ay z 000yy | |
| 106 | @ar | |
| 200 | 1 | @a非正式组织理论及其显性化研究@9fei zheng shi zu zhi li lun ji qi xian xing hua yan jiu@f李国梁著 |
| 210 | @a北京@c中国社会科学出版社@d2017 | |
| 215 | @a190页@d24cm | |
| 330 | @a非正式组织理论是组织理论体系中不可或缺的重要组成部分,也是一个相对独立的研究内容。在管理学研究中,组织可以划分为正式组织和非正式组织,对非正式组织的研究,一直是伴随着对正式组织的研究而产生和发展的。而在现实生活中,正式组织与非正式组织也总是相伴而生,相比较而存在的。对某些社会成员来说,非正式组织甚至比正式组织更具有亲和力与依赖性,成为更重要的一种组织生存形式。所以,既然有组织理论,其理论体系中必然包含非正式组织理论,如果没有非正式组织理论,组织理论本身是不完整的。该书的出版,澄清、补充并丰富了非正式组织理论内容,这是该书选题和研究的缘起,也是价值之所在。 | |
| 606 | 0 | @a社会团体@9she hui tuan ti@x组织管理学 |
| 690 | @aC912.2@v5 | |
| 701 | 0 | @a李国梁@9li guo liang@4著 |
| 801 | 0 | @aCN@bTANGWEI@c20170621 |
| 905 | @b1015711-6@dC912.2@e1052@f6 | |
| 非正式组织理论及其显性化研究/李国梁著.-北京:中国社会科学出版社,2017 |
| 190页;24cm |
| ISBN 978-7-5161-9809-4:CNY48.00 |
| 非正式组织理论是组织理论体系中不可或缺的重要组成部分,也是一个相对独立的研究内容。在管理学研究中,组织可以划分为正式组织和非正式组织,对非正式组织的研究,一直是伴随着对正式组织的研究而产生和发展的。而在现实生活中,正式组织与非正式组织也总是相伴而生,相比较而存在的。对某些社会成员来说,非正式组织甚至比正式组织更具有亲和力与依赖性,成为更重要的一种组织生存形式。所以,既然有组织理论,其理论体系中必然包含非正式组织理论,如果没有非正式组织理论,组织理论本身是不完整的。该书的出版,澄清、补充并丰富了非正式组织理论内容,这是该书选题和研究的缘起,也是价值之所在。 |
| ● |
| 相关链接 |
|
|
|
|
正题名:非正式组织理论及其显性化研究
索取号:C912.2/1052
 
预约/预借
| 序号 | 登录号 | 条形码 | 馆藏地/架位号 | 状态 | 备注 |
| 1 | 1015711 | 210157113 | 第一样本阅览室/ [索取号:C912.2/1052] | 在馆 | |
| 2 | 1015712 | 210157122 | 教育系资料室/ [索取号:C912.2/1052] | 在馆 | |
| 3 | 1015713 | 210157131 | 教育系资料室/ [索取号:C912.2/1052] | 在馆 | |
| 4 | 1015714 | 210157140 | 教育系资料室/ [索取号:C912.2/1052] | 在馆 | |
| 5 | 1015715 | 210157159 | 第一借阅区/ [索取号:C912.2/1052] | 在馆 | |
| 6 | 1015716 | 210157168 | 第一借阅区/ [索取号:C912.2/1052] | 在馆 |